| Поле | Название | Значение |
| |
Тип записи |
a |
| |
Библиографический уровень |
m |
| 001 |
Контрольный номер |
RU\infra-m\znanium\bibl\2197120 |
| 005 |
Дата корректировки |
20260429142120.1 |
| 008 |
Кодируемые данные |
250219s2025 RU g rus u |
| 020 |
Индекс ISBN |
__ |
| a |
ISBN |
978-5-8154-0699-5 |
| 040 |
Источник каталогиз. |
__ |
| a |
Служба первич. каталог. |
Общество с ограниченной ответственностью «ЗНАНИУМ» |
| 041 |
Код языка издания |
__ |
| a |
Код языка текста |
rus |
| 044 |
Код страны публикации |
__ |
| a |
Код страны публикации |
RU |
| 080 |
Индекс УДК |
__ |
| a |
Индекс УДК |
784 |
| 084 |
Индекс другой классификации/Индекс ББК |
__ |
| 2 |
Источник индекса |
rubbk |
| a |
Индекс другой классификации/Индекс ББК |
8531 |
| 084 |
Индекс другой классификации/Индекс ББК |
__ |
| 2 |
Источник индекса |
okso |
| a |
Индекс другой классификации/Индекс ББК |
53.03.04 |
| 100 |
Автор |
__ |
| a |
Автор |
Стенюшкина Т.С. |
| q |
Полное имя |
Стенюшкина Татьяна Сергеевна |
| u |
Дополнение |
Кемеровский государственный институт культуры |
| 245 |
Заглавие |
__ |
| a |
Заглавие |
Искусство народного пения: словарь хормейстера |
| b |
Продолж. заглавия |
Учебный словарь для студентов, обучающихся по направлению подготовки 53.03.04 «Искусство народного пения», профиль «Хоровое народное пение»; Справочная литература |
| c |
Ответственность |
Кемеровский государственный институт культуры |
| 250 |
Сведения об издании |
__ |
| a |
Основные сведения об издании |
1 |
| 260 |
Выходные данные |
__ |
| a |
Место издания |
Кемерово |
| b |
Издательство |
ФГБОУ ВО "Кемеровский государственный институт культуры" |
| c |
Дата издания |
2024 |
| 300 |
Физическое описание |
__ |
| a |
Объем |
135 с. |
| 520 |
Аннотация |
__ |
| a |
Аннотация |
Словарь содержит профессиональные термины и определения адресован студентам будущим руководителям народно-певческих коллективов разных исполнительских форм. В словарь включены материалы по дисциплинам направления «Искусство народного пения». Словарь окажет помощь в освоении системы знаний профессиональных дисциплин организации самостоятельной работы студентов будет способствовать формированию комплекса компетенций необходимых в практической деятельности руководителя народно-певческого коллектива. |
| 521 |
Примеч. о цел. назн. |
__ |
| a |
Примеч. о целев. назн. |
ВО - Бакалавриат |
| 650 |
Тематические рубрики |
__ |
| a |
Основная рубрика |
Архитектура. Искусство |
| x |
Основная подрубрика |
Музыкальная педагогика. Исполнительство |
| 655 |
Указ. предметных рубрик (устаревшее) |
__ |
| a |
Жанр/ форма (устаревшее) |
Справочная литература |
| 700 |
Другие авторы |
__ |
| a |
Другие авторы |
Демина Т.З. |
| q |
Полное имя |
Демина Татьяна Зиновьевна |
| u |
Дополнение |
Кемеровский государственный институт культуры |
| 856 |
Электронный адрес документа |
4_ |
| a |
Имя сервера/домена |
znanium.ru |
| m |
Помощь |
ebs_support@infra-m.ru |
| n |
Местонахождение сервера |
НИЦ ИНФРА-М |
| u |
URL |
https://znanium.ru/catalog/document?id=461002 |
| 856 |
Электронный адрес документа |
48 |
| a |
Имя сервера/домена |
znanium.ru |
| d |
Путь |
/cover/2197 |
| f |
Электронное имя |
2197120.jpg |
| q |
Тип электронного формата |
image/jpeg |
| u |
URL |
https://znanium.ru/cover/2197/2197120.jpg |
| 911 |
|
__ |
| u |
|
0030=https://znanium.ru/catalog/document?id=461002 |